<?xml version="1.0" encoding="UTF-8"?>
<record
    xmlns:xsi="http://www.w3.org/2001/XMLSchema-instance"
    xsi:schemaLocation="http://www.loc.gov/MARC21/slim http://www.loc.gov/standards/marcxml/schema/MARC21slim.xsd"
    xmlns="http://www.loc.gov/MARC21/slim">

  <leader>02391Cam#a22006255a#4500</leader>
  <controlfield tag="003">AR-RoUNA</controlfield>
  <controlfield tag="005">20250910094103.0</controlfield>
  <controlfield tag="008">061013s2005||||sp|o|||f     |||1 0dspa d</controlfield>
  <datafield tag="020" ind1=" " ind2=" ">
    <subfield code="a">8486540585</subfield>
  </datafield>
  <datafield tag="040" ind1=" " ind2=" ">
    <subfield code="a">AR-RoUNA</subfield>
    <subfield code="b">spa</subfield>
  </datafield>
  <datafield tag="041" ind1=" " ind2=" ">
    <subfield code="a">spa</subfield>
  </datafield>
  <datafield tag="080" ind1=" " ind2=" ">
    <subfield code="a">72</subfield>
  </datafield>
  <datafield tag="092" ind1=" " ind2=" ">
    <subfield code="s">Sala</subfield>
    <subfield code="c">72</subfield>
    <subfield code="l">C 267</subfield>
  </datafield>
  <datafield tag="100" ind1="1" ind2=" ">
    <subfield code="a">Castellar-Gassol, Joan, </subfield>
    <subfield code="d">1933-</subfield>
    <subfield code="9">19511</subfield>
  </datafield>
  <datafield tag="245" ind1="1" ind2=" ">
    <subfield code="a">Gaudi :</subfield>
    <subfield code="b">la vida de un visionario /</subfield>
    <subfield code="c">J. Castellar-Gassol ; traduccion de Maria Iniesta i Agullo.</subfield>
  </datafield>
  <datafield tag="260" ind1=" " ind2=" ">
    <subfield code="a">Barcelona :</subfield>
    <subfield code="b">Edicions de 1984,</subfield>
    <subfield code="c">2005.</subfield>
  </datafield>
  <datafield tag="300" ind1=" " ind2=" ">
    <subfield code="a">142 p :</subfield>
    <subfield code="b">il. col.</subfield>
    <subfield code="c">18 cm.</subfield>
  </datafield>
  <datafield tag="500" ind1=" " ind2=" ">
    <subfield code="a">Notas a los capitulos: p. 119-131.</subfield>
  </datafield>
  <datafield tag="504" ind1=" " ind2=" ">
    <subfield code="a">Bibliografia:  p. 135-142.</subfield>
  </datafield>
  <datafield tag="505" ind1="0" ind2=" ">
    <subfield code="t">INDICE</subfield>
  </datafield>
  <datafield tag="505" ind1="0" ind2=" ">
    <subfield code="t">PRIMERA PARTE</subfield>
  </datafield>
  <datafield tag="505" ind1="0" ind2=" ">
    <subfield code="t">CAP&#xCD;TULO 1</subfield>
    <subfield code="a">El caso del desconocido atropellado por un tranv&#xED;a. p. 9</subfield>
  </datafield>
  <datafield tag="505" ind1="0" ind2=" ">
    <subfield code="t">CAP&#xCD;TULO 2</subfield>
    <subfield code="a">Los or&#xED;genes. p. 13</subfield>
  </datafield>
  <datafield tag="505" ind1="0" ind2=" ">
    <subfield code="t">CAP&#xCD;TULO 3</subfield>
    <subfield code="a">La saga de los caldereros. p. 16</subfield>
  </datafield>
  <datafield tag="505" ind1="0" ind2=" ">
    <subfield code="t">CAP&#xCD;TULO 4 </subfield>
    <subfield code="a">El jard&#xED;n de los siete secretos. p. 20</subfield>
  </datafield>
  <datafield tag="505" ind1="0" ind2=" ">
    <subfield code="t">CAP&#xCD;TULO 5</subfield>
    <subfield code="a">Chimeneas y campanarios o los tres rom&#xE1;nticos. p. 25</subfield>
  </datafield>
  <datafield tag="505" ind1="0" ind2=" ">
    <subfield code="t">SEGUNDA PARTE</subfield>
  </datafield>
  <datafield tag="505" ind1="0" ind2=" ">
    <subfield code="t">CAP&#xCD;TULO 6</subfield>
    <subfield code="a">El carisma de Josep. p. 35</subfield>
  </datafield>
  <datafield tag="505" ind1="0" ind2=" ">
    <subfield code="t">CAP&#xCD;TULO 7 </subfield>
    <subfield code="a">Barcelona, la gran encantadora. p. 44</subfield>
  </datafield>
  <datafield tag="505" ind1="0" ind2=" ">
    <subfield code="t">TERCERA PARTE</subfield>
  </datafield>
  <datafield tag="505" ind1="0" ind2=" ">
    <subfield code="t">CAP&#xCD;TULO 8</subfield>
    <subfield code="a">El progreso. p. 51</subfield>
  </datafield>
  <datafield tag="505" ind1="0" ind2=" ">
    <subfield code="t">CAP&#xCD;TULO 9</subfield>
    <subfield code="a">La utop&#xED;a. p. 56</subfield>
  </datafield>
  <datafield tag="505" ind1="0" ind2=" ">
    <subfield code="t">CAP&#xCD;TULO 10</subfield>
    <subfield code="a">El t&#xED;o Ant&#xF3;n. p. 60</subfield>
  </datafield>
  <datafield tag="505" ind1="0" ind2=" ">
    <subfield code="t">CAP&#xCD;TULO 11</subfield>
    <subfield code="a">El amor de Matar&#xF3;. p. 64</subfield>
  </datafield>
  <datafield tag="505" ind1="0" ind2=" ">
    <subfield code="t">CAP&#xCD;TULO 12</subfield>
    <subfield code="a">El caf&#xE9; de los &#xE9;xtasis exaltados. p. 68</subfield>
  </datafield>
  <datafield tag="505" ind1="0" ind2=" ">
    <subfield code="t">CUARTA PARTE</subfield>
  </datafield>
  <datafield tag="505" ind1="0" ind2=" ">
    <subfield code="t">CAP&#xCD;TULO 13</subfield>
    <subfield code="a">Fortunas de Am&#xE9;rica. p. 75</subfield>
  </datafield>
  <datafield tag="505" ind1="0" ind2=" ">
    <subfield code="t">CAP&#xCD;TULO 14</subfield>
    <subfield code="a">Premonici&#xF3;n o visiones del otro mundo. p. 81</subfield>
  </datafield>
  <datafield tag="505" ind1="0" ind2=" ">
    <subfield code="t">CAP&#xCD;TULO 15</subfield>
    <subfield code="a">Extravagancias. p. 84</subfield>
  </datafield>
  <datafield tag="505" ind1="0" ind2=" ">
    <subfield code="t">CAP&#xCD;TULO 16</subfield>
    <subfield code="a">&#xA1; Adi&#xF3;s Padre!. p. 93</subfield>
  </datafield>
  <datafield tag="505" ind1="0" ind2=" ">
    <subfield code="t">CAP&#xCD;TULO 17 </subfield>
    <subfield code="a">El Dia de la Bestia o la Semana Tr&#xE1;gica. p. 97</subfield>
  </datafield>
  <datafield tag="505" ind1="0" ind2=" ">
    <subfield code="t">QUINTA PARTE</subfield>
  </datafield>
  <datafield tag="505" ind1="0" ind2=" ">
    <subfield code="t">CAP&#xCD;TULO 18</subfield>
    <subfield code="a">Ronda de muerte en el Parque G&#xFC;ell. p. 103</subfield>
  </datafield>
  <datafield tag="505" ind1="0" ind2=" ">
    <subfield code="t">CAP&#xCD;TULO 19 </subfield>
    <subfield code="a">Los cipreses de piedra. p. 107</subfield>
  </datafield>
  <datafield tag="505" ind1="0" ind2=" ">
    <subfield code="t">CAP&#xCD;TULO 20 </subfield>
    <subfield code="a">Fin de trayecto. p. 112</subfield>
  </datafield>
  <datafield tag="505" ind1="0" ind2=" ">
    <subfield code="a">Ep&#xED;logo. p. 117</subfield>
  </datafield>
  <datafield tag="505" ind1="0" ind2=" ">
    <subfield code="a">Notas a Los Cap&#xED;tulos. p. 119</subfield>
  </datafield>
  <datafield tag="505" ind1="0" ind2=" ">
    <subfield code="a">Bibliograf&#xED;a. p. 135</subfield>
  </datafield>
  <datafield tag="505" ind1="0" ind2=" ">
    <subfield code="a">Reconocimientos. p. 141</subfield>
  </datafield>
  <datafield tag="600" ind1=" " ind2="0">
    <subfield code="a">Gaud&#xED;, Antoni</subfield>
    <subfield code="d">1852-1926</subfield>
    <subfield code="9">1378</subfield>
  </datafield>
  <datafield tag="930" ind1=" " ind2=" ">
    <subfield code="e">7498</subfield>
  </datafield>
  <datafield tag="942" ind1=" " ind2=" ">
    <subfield code="c">LIB</subfield>
  </datafield>
  <datafield tag="945" ind1=" " ind2=" ">
    <subfield code="a">MEM</subfield>
    <subfield code="d">2025-09-10</subfield>
  </datafield>
  <datafield tag="980" ind1=" " ind2=" ">
    <subfield code="8">138</subfield>
    <subfield code="g">Carolina Rainero</subfield>
  </datafield>
  <datafield tag="999" ind1=" " ind2=" ">
    <subfield code="c">4251</subfield>
    <subfield code="d">4251</subfield>
  </datafield>
  <datafield tag="952" ind1=" " ind2=" ">
    <subfield code="0">0</subfield>
    <subfield code="1">0</subfield>
    <subfield code="2">cdu</subfield>
    <subfield code="4">0</subfield>
    <subfield code="7">0</subfield>
    <subfield code="a">AR-RoUNA</subfield>
    <subfield code="b">AR-RoUNA</subfield>
    <subfield code="c">Sala</subfield>
    <subfield code="d">2014-05-29</subfield>
    <subfield code="e">Don</subfield>
    <subfield code="g">0.00</subfield>
    <subfield code="l">1</subfield>
    <subfield code="o">72 C 267</subfield>
    <subfield code="p">11389</subfield>
    <subfield code="t">ej. 1</subfield>
    <subfield code="y">COL</subfield>
    <subfield code="x"></subfield>
  </datafield>
</record>
